National Rail Stations in Dorset - Statistics

General Stats
  • This quiz has been taken 99 times
  • The average score is 12 of 21
Answer Stats
Station % Correct
Poole
98%
Bournemouth
97%
Weymouth
93%
Wareham
82%
Dorchester South
77%
Dorchester West
69%
Branksome
66%
Christchurch
66%
Wool
66%
Upwey
64%
Parkstone
62%
Hamworthy
54%
Pokesdown
51%
Moreton
39%
Gillingham
36%
Holton Heath
36%
Sherborne
36%
Maiden Newton
34%
Yetminster
21%
Chetnole
20%
Thornford
11%
No matching quizzes found
Score Distribution
Percent of People with Each Score
Percentile by Number Answered
Your Score History
You have not taken this quiz